000 00592nam a22001937a 4500
001 9511
003 FISKH
005 20260116112738.0
008 260116b cb ||||| |||| 00| 0 eng d
040 _aFISKH
_beng
_cFISKH
_dFISKH
050 _aPZ7.C5792 Ri
100 _aCleary , Berverly
245 _aRibsy goes to school /
_cby Beverley Cleary : Illustrated by Lee J . Ames
260 _aChicago :
_bScience Research Associates , INC ,
_c1964 .
300 _a32 pages :
_bcolor illustrations ;
_c20 cm .
700 _aAmes, Lee J.
_eIllustrator
942 _2ddc
_cBK
_n0
999 _c9511
_d9511